00440 2200181 4500001002100000005001500021008004100036020002200077035001900099041000700118082000800125090001400133100001900147245003000166260002900196300001900225650001400244INLIS00000000001319820241224114518241224||||||||| | ||| |||| || |  a978-602-7825-20-8 0010-1224013198 aid0 a310 a310 DAN s0 aDanang Sunyoto00aSTATISTIK untuk PARAMEDIS aBandungbAlfa Betac2013 a212hlm;15x23cm 0astatistik